000 00787nam a2200229Ia 4500
001 2939
003 GE_BSU
008 181216s||||||||xx |||||||||||||| ||und||
020 _a5724500205
040 _cGE_BSU
080 _a66.02(075.32)
100 _aРоманков,П.Г. Курочкина,М.И. Мозжерии.Ю.Я.
245 _aПроцессы и аппараты химической промышленности.
245 _bУчебник для техникумов.
245 _cПод общей ред. П.Г.Романкова.
260 _aЛ.
260 _bХимия.
260 _c1989.
300 _a560 стр. с илл. 22 см.
653 _aПроцессы и аппараты химической промышленности.
942 _cBK
999 _c36987
_d36987